Mudanza de los sentidos / (Registro nro. 13778)

Detalles MARC
000 -LIDER
fixed length control field 00881nam a2200289 a 4500
001 - NÚMERO DE CONTROL
Identificador de número de control 000012519
003 - IDENTIFICACDOR DE NÚMERO DE CONTROL
control field DO-SdBNP
005 - DATE AND TIME OF LATEST TRANSACTION
control field 20211008134914.0
007 - CAMPOS FIJOS DE DESCRIPCIÓN FÍSICA
fixed length control field
008 - ELEMENTOS DE LONGITUD FIJA
fixed length control field 091113s2017 dr 001 0 spa d
020 ## - ISBN
Canceled/invalid ISBN 9789945489255
040 ## - FUENTE DE CATALOGACIÓN
Agencia que crea de manera original el registro BPMSU
Idioma de catalogación spa
Agencia que realiza la transcripción BPMSU
082 ## - NÚMERO DE CLASIFICACIÓN DECIMAL DE DEWEY
Classification number RD863.44
Item number H557m 2017
Edition number 22
100 1# - ASIENTO PRINCIPAL -- NOMBRE PERSONAL
Nombre personal Hernández, Ángela
Fechas asociadas con el nombre 1954-
245 10 - MENCIÓN DE TITULO
Título Mudanza de los sentidos /
Mención de responsabilidad Ángela Hernández.
260 ## - PUBLICACIÓN, DISTRIBUCIÓN, ETC. (PIE DE IMPRENTA)
Lugar de publicación, distribución, etc Santo Domingo :
Nombre del editor, distribuidor, etc. Santuario,
Fecha de publicación, distribución, etc 2017
300 ## - DESCRIPCIÓN FÍSICA
Extensión 123 p. :
Otros detalles físicos il., retrs.
Dimensiones 22 cm.
500 ## - NOTA GENERAL
Nota general Incluye datos biográfioos de la autoria en la solapa de la cubierta
586 ## - AWARDS NOTE
Awards note Premio Nacional de Literatura 2016
590 ## - NOTA LOCAL
Enlace Inventariado, 2021/VM
650 #4 - ENCABEZAMIENTO DE MATERIA--TEMÁTICO
Término temático o nombre geográfico como elemento de entrada Novela dominicana
650 #4 - ENCABEZAMIENTO DE MATERIA--TEMÁTICO
Término temático o nombre geográfico como elemento de entrada Literatura dominicana
910 ## - VALIDACIÓN
Validación VMateo V.
942 ## - ADDED ENTRY ELEMENTS (KOHA)
Source of classification or shelving scheme Dewey Decimal Classification
Koha item type Libros
945 ## - INFORMACIÓN DE PROCESAMIENTO LOCAL
Información de procesamiento local Inventariado /2018 VM
956 ## - LOCAL ELECTRONIC LOCATION AND ACCESS (OCLC)
Nombre de host VMATEO
Número de acceso 10
Información de compresión 201708003
Inicio de sesión BPMUSU
Procesador de solicitud 0069
Existencias
Withdrawn status Lost status Source of classification or shelving scheme Damaged status Not for loan Collection code Home library Current library Date acquired Source of acquisition Total Checkouts Full call number Barcode Date last seen Price effective from Koha item type Copy number
    Dewey Decimal Classification     Colección Dominicana Biblioteca Pública Metropolitana Salomé Ureña Biblioteca Pública Metropolitana Salomé Ureña 10/08/2021 Compra   BPMSU CD RD863.44 H557m 2017 BPMSU21100071 10/08/2021 10/08/2021 Libros  
    Dewey Decimal Classification     Colección Dominicana Biblioteca Pública Metropolitana Salomé Ureña Biblioteca Pública Metropolitana Salomé Ureña 10/08/2021 Compra   BPMSU CD RD863.44 H557m 2017 BPMSU21100072 10/08/2021 10/08/2021 Libros e.2
    Dewey Decimal Classification     Colección Dominicana Biblioteca Pública Metropolitana Salomé Ureña Biblioteca Pública Metropolitana Salomé Ureña 10/08/2021 Compra   BPMSU CD RD863.44 H557m 2017 BPMSU26050030 05/07/2026 10/08/2021 Libros e.3